000 00581nam a22002177a 4500
003 OSt
005 20260128084817.0
008 260128b |||||||| |||| 00| 0 eng d
020 _a971-817-094-4
040 _aDWCL-Main Lib
_cOC
082 _aRes. 808.068 G642m 2005
100 _aGonzaga, Zynna
245 _aMga alamat, pabula, epiko at kuwentong bayan
260 _aManila:
_bBooklore Publishing Corp.,
_cc2005.
300 _a223 p.:
_c18 cm.
650 _aalamat
650 _aepiko
650 _akuwentong bayan
650 _apabula
942 _2ddc
_cBK-0 CIRC
_mRes.
_n0
999 _c7918
_d7918